[Event "WLS-ch"]
[Site "Cardiff"]
[Date "1995.??.??"]
[Round "3"]
[White "Morris, Charles F"]
[Black "Cummings, David"]
[Result "1/2-1/2"]
[WhiteElo "2195"]
[BlackElo "2375"]
[PlyCount "92"]
[GameId "1166639017107456"]
[EventDate "1995.??.??"]
[EventType "swiss"]
[EventRounds "6"]
[EventCountry "WLS"]
[SourceTitle "EXT 2001"]
[Source "ChessBase"]
[SourceDate "2000.11.22"]
[SourceVersion "1"]
[SourceVersionDate "2000.11.22"]
[SourceQuality "1"]

1. c4 g6 2. Nf3 Bg7 3. d4 Nf6 4. g3 O-O 5. Bg2 d6 6. O-O c6 7. h3 a6 8. a4 a5 9. Nc3 Na6 10. e4 Qc7 11. Be3 e5 12. Qd2 Re8 13. d5 Bd7 14. Rfd1 Rad8 15. Ne1 cxd5 16. Nxd5 Nxd5 17. cxd5 Nc5 18. Rdc1 b6 19. b4 axb4 20. Qxb4 Ra8 21. Bf1 Reb8 22. Kh2 Qd8 23. Bb5 f5 24. f3 f4 25. Bd2 Bxb5 26. Qxb5 Qg5 27. g4 Qh4 28. Rc2 Qg3+ 29. Kh1 Qxh3+ 30. Kg1 Qg3+ 31. Kf1 Qh3+ 32. Kg1 Qg3+ 33. Kf1 Bf6 34. Bc3 Qh3+ 35. Kg1 Rc8 36. Rh2 Qg3+ 37. Rg2 Qh3 38. Rh2 Qg3+ 39. Rg2 Qh4 40. Bd2 Be7 41. Nd3 Nxd3 42. Qxd3 Bd8 43. Be1 Qe7 44. Rc2 Qd7 45. Rxc8 Rxc8 46. Qb5 Qe7 1/2-1/2

[Event "WLS-ch"]
[Site "Cardiff"]
[Date "1995.??.??"]
[Round "4"]
[White "Cummings, David"]
[Black "Richmond, Peter A"]
[Result "1/2-1/2"]
[WhiteElo "2375"]
[BlackElo "2180"]
[PlyCount "43"]
[GameId "1166639017144320"]
[EventDate "1995.??.??"]
[EventType "swiss"]
[EventRounds "6"]
[EventCountry "WLS"]
[SourceTitle "EXT 2001"]
[Source "ChessBase"]
[SourceDate "2000.11.22"]
[SourceVersion "1"]
[SourceVersionDate "2000.11.22"]
[SourceQuality "1"]

1. d4 d5 2. c4 dxc4 3. Nf3 Nf6 4. e3 e6 5. Bxc4 c5 6. O-O a6 7. a4 Nc6 8. Nc3 Be7 9. Qe2 O-O 10. Rd1 Qc7 11. Bd2 Rd8 12. dxc5 Bxc5 13. Rac1 Ne5 14. Nxe5 Qxe5 15. Qf3 Bd7 16. e4 Bc6 17. Bf4 Qh5 18. Qxh5 Nxh5 19. Bg5 Rxd1+ 20. Rxd1 h6 21. Bh4 g5 22. Bg3 1/2-1/2

[Event "WLS-ch"]
[Site "Cardiff"]
[Date "1995.??.??"]
[Round "5"]
[White "Cooper, John Grantley"]
[Black "Cummings, David"]
[Result "1-0"]
[WhiteElo "2380"]
[BlackElo "2375"]
[PlyCount "99"]
[GameId "1166639017205760"]
[EventDate "1995.??.??"]
[EventType "swiss"]
[EventRounds "6"]
[EventCountry "WLS"]
[SourceTitle "EXT 2001"]
[Source "ChessBase"]
[SourceDate "2000.11.22"]
[SourceVersion "1"]
[SourceVersionDate "2000.11.22"]
[SourceQuality "1"]

1. d4 Nf6 2. c4 g6 3. Nc3 Bg7 4. e4 d6 5. Nf3 O-O 6. Be2 e5 7. d5 a5 8. Bg5 h6 9. Bh4 Na6 10. O-O Bd7 11. Nd2 Nc5 12. Nb3 g5 13. Nxc5 dxc5 14. Bg3 Qe7 15. h3 Ne8 16. Bg4 Nd6 17. Bxd7 Qxd7 18. Rc1 b6 19. b3 Rae8 20. Re1 f5 21. exf5 Qxf5 22. Qg4 Qg6 23. h4 Rf5 24. h5 Qf7 25. Ne4 Nxe4 26. Rxe4 Bf8 27. Rce1 Bd6 28. f4 Qd7 29. Kh2 c6 30. fxe5 cxd5 31. cxd5 Bb8 32. Kh3 Qc8 33. a4 Ref8 34. Kh2 Qe8 35. R4e3 Qd8 36. Rd1 Qe7 37. Qc4 Kh7 38. d6 Qe8 39. Qg4 Qe6 40. Qc4 Qe8 41. Qe2 Qe6 42. d7 Rd8 43. Qc4 Qe7 44. Qg4 Qe6 45. Rf1 Rf6 46. Qxe6 Rxe6 47. Rf6 Rxf6 48. exf6 Bxg3+ 49. Kxg3 Rxd7 50. Re8 1-0

[Event "WLS-ch"]
[Site "Cardiff"]
[Date "1995.??.??"]
[Round "6"]
[White "Cummings, David"]
[Black "Spice, Alan"]
[Result "0-1"]
[WhiteElo "2375"]
[BlackElo "2155"]
[PlyCount "46"]
[GameId "1166639017254912"]
[EventDate "1995.??.??"]
[EventType "swiss"]
[EventRounds "6"]
[EventCountry "WLS"]
[SourceTitle "EXT 2001"]
[Source "ChessBase"]
[SourceDate "2000.11.22"]
[SourceVersion "1"]
[SourceVersionDate "2000.11.22"]
[SourceQuality "1"]

1. d4 e6 2. Nf3 f5 3. d5 d6 4. dxe6 Bxe6 5. Ng5 Qd7 6. g3 Nc6 7. Bg2 Nge7 8. Nc3 Bg8 9. e4 h6 10. Nf3 fxe4 11. Nxe4 Qe6 12. Qe2 Bh7 13. Nc3 Qxe2+ 14. Kxe2 Bxc2 15. Be3 O-O-O 16. Nb5 Be4 17. Rhe1 Kb8 18. Bh3 Nf5 19. Nd2 Nxe3 20. Nxe4 Nd5 21. Be6 Nb6 22. Kf1 Re8 23. Bf5 Re5 0-1

[Event "Antwerp op"]
[Site "Antwerp"]
[Date "1995.??.??"]
[Round "6"]
[White "Christiansen, Larry Mark"]
[Black "Cummings, David"]
[Result "1/2-1/2"]
[WhiteElo "2590"]
[BlackElo "2350"]
[PlyCount "128"]
[GameId "1166639140917248"]
[EventDate "1995.08.??"]
[EventType "swiss"]
[EventRounds "9"]
[EventCountry "BEL"]
[SourceTitle "EXT 1997"]
[Source "ChessBase"]
[SourceDate "1996.11.15"]
[SourceVersion "1"]
[SourceVersionDate "1996.11.15"]
[SourceQuality "1"]

1. c4 Nf6 2. Nc3 g6 3. e4 d6 4. d4 Bg7 5. Bd3 O-O 6. Nge2 Nc6 7. O-O e5 8. d5 Nd4 9. Bg5 h6 10. Bh4 Re8 11. Rc1 c5 12. dxc6 bxc6 13. b4 g5 14. Bg3 h5 15. f3 h4 16. Bf2 h3 17. Nxd4 exd4 18. Ne2 hxg2 19. Kxg2 d5 20. Ng3 dxe4 21. fxe4 c5 22. bxc5 Bg4 23. Qd2 Nh5 24. Nxh5 Bxh5 25. Bg3 Bg6 26. e5 Bxe5 27. Bxg6 fxg6 28. Qd3 Kg7 29. Qf3 Rb8 30. Rc2 d3 31. Rd2 g4 32. Qd5 Qxd5+ 33. cxd5 Bxg3 34. Kxg3 Re3+ 35. Kxg4 Rb5 36. Rf3 Rxf3 37. Kxf3 Rxc5 38. Rxd3 Kf7 39. Ke4 Rc2 40. Ra3 Rxh2 41. Rxa7+ Kf6 42. Ra6+ Ke7 43. a4 g5 44. a5 g4 45. Kf4 Rd2 46. Ra8 Kd7 47. a6 Kc7 48. Rg8 Kb6 49. Rg6+ Ka7 50. Ke5 Re2+ 51. Kf5 Rd2 52. Ke4 Rd1 53. Ke5 Re1+ 54. Kd6 Rg1 55. Kd7 g3 56. d6 g2 57. Rg3 Kxa6 58. Ra3+ Kb5 59. Ra2 Kb4 60. Re2 Kc4 61. Ra2 Kd3 62. Kd8 Ke3 63. d7 Kf3 64. Ra3+ Kf2 1/2-1/2

[Event "Antwerp op"]
[Site "Antwerp"]
[Date "1995.??.??"]
[Round "7"]
[White "Cummings, David"]
[Black "Van der Sterren, Paul"]
[Result "0-1"]
[WhiteElo "2350"]
[BlackElo "2545"]
[PlyCount "104"]
[GameId "1166639140970496"]
[EventDate "1995.08.??"]
[EventType "swiss"]
[EventRounds "9"]
[EventCountry "BEL"]
[SourceTitle "EXT 1997"]
[Source "ChessBase"]
[SourceDate "1996.11.15"]
[SourceVersion "1"]
[SourceVersionDate "1996.11.15"]
[SourceQuality "1"]

1. d4 Nf6 2. c4 e6 3. Nf3 d5 4. g3 dxc4 5. Bg2 c5 6. O-O Nc6 7. Qa4 Bd7 8. Qxc4 b5 9. Qd3 Rc8 10. dxc5 Bxc5 11. Nc3 b4 12. Ne4 Nxe4 13. Qxe4 Ne7 14. Ne5 Bb5 15. Be3 Qb6 16. Bxc5 Rxc5 17. a4 bxa3 18. bxa3 Qc7 19. Nd3 Rc3 20. Rab1 Bxd3 21. exd3 O-O 22. Rb7 Qc5 23. Qb4 Nc8 24. d4 Qxb4 25. axb4 Rd3 26. Rd7 Rb3 27. d5 exd5 28. Bxd5 Rxb4 29. Rd1 a5 30. Bxf7+ Rxf7 31. Rd8+ Rf8 32. Rxf8+ Kxf8 33. Rd8+ Ke7 34. Rxc8 a4 35. Ra8 Kd6 36. Ra7 Kc5 37. Rxg7 h6 38. Ra7 Kc4 39. h4 Kb3 40. Kg2 a3 41. f4 a2 42. Rxa2 Kxa2 43. Kf3 h5 44. f5 Kb3 45. f6 Rb6 46. Kf4 Rxf6+ 47. Kg5 Rf3 48. g4 hxg4 49. Kxg4 Rf1 50. h5 Kc4 51. h6 Kd5 52. Kg5 Ke6 0-1

[Event "WLS-ch"]
[Site "Cardiff"]
[Date "1996.??.??"]
[Round "2"]
[White "Hughes, Gareth"]
[Black "Cummings, David"]
[Result "0-1"]
[WhiteElo "2175"]
[BlackElo "2350"]
[PlyCount "98"]
[GameId "1166639656599552"]
[EventDate "1996.??.??"]
[EventType "swiss"]
[EventRounds "6"]
[EventCountry "WLS"]
[SourceTitle "EXT 2000"]
[Source "ChessBase"]
[SourceDate "1999.11.18"]
[SourceVersion "1"]
[SourceVersionDate "1999.11.18"]
[SourceQuality "1"]

1. d4 Nf6 2. Nf3 g6 3. Bg5 Bg7 4. Nbd2 O-O 5. e4 d5 6. e5 Ne4 7. Be3 c5 8. c3 Bg4 9. h3 Bxf3 10. Nxf3 cxd4 11. cxd4 Nc6 12. Be2 Qa5+ 13. Nd2 Qb4 14. O-O Nxd2 15. Bxd2 Qxd4 16. Bc3 Qxd1 17. Rfxd1 e6 18. f4 Rac8 19. Rac1 Rfd8 20. Be1 Bh6 21. g3 g5 22. Bd2 gxf4 23. gxf4 Ne7 24. Kf2 Ng6 25. Kf3 Rxc1 26. Rxc1 Nxe5+ 27. fxe5 Bxd2 28. Rc7 Ba5 29. Rxb7 Bb6 30. Ba6 d4 31. Ke2 Rd5 32. Kd2 Rxe5 33. Be2 Ra5 34. a3 Kg7 35. Kd3 Kg6 36. Rd7 Re5 37. Kd2 Re3 38. h4 h5 39. a4 Bc5 40. Kd1 Rh3 41. b4 Bxb4 42. Rxd4 a5 43. Bd3+ f5 44. Bb5 Kf6 45. Be8 Ke5 46. Rc4 Kd5 47. Rf4 Bd6 48. Rf2 Rxh4 49. Bf7 Rd4+ 0-1

[Event "WLS-ch"]
[Site "Cardiff"]
[Date "1996.??.??"]
[Round "3"]
[White "Cummings, David"]
[Black "Spice, Alan"]
[Result "1-0"]
[WhiteElo "2350"]
[BlackElo "2190"]
[PlyCount "69"]
[GameId "1166639656644608"]
[EventDate "1996.??.??"]
[EventType "swiss"]
[EventRounds "6"]
[EventCountry "WLS"]
[SourceTitle "EXT 2000"]
[Source "ChessBase"]
[SourceDate "1999.11.18"]
[SourceVersion "1"]
[SourceVersionDate "1999.11.18"]
[SourceQuality "1"]

1. d4 e6 2. Nf3 f5 3. g3 Nf6 4. Bg2 Be7 5. O-O O-O 6. c4 d6 7. Nc3 Qe8 8. b3 a5 9. Re1 Ne4 10. Bb2 c6 11. Qc2 Nxc3 12. Bxc3 d5 13. e3 b5 14. Ne5 Bd6 15. f3 Qh5 16. e4 f4 17. g4 Qg5 18. exd5 exd5 19. cxb5 cxb5 20. Bd2 Ra7 21. Rac1 Rc7 22. Qd3 Rxc1 23. Bxc1 Ba6 24. Bf1 Re8 25. Bd2 b4 26. Qf5 Qxf5 27. gxf5 Bxf1 28. Kxf1 Rf8 29. Bxf4 Rxf5 30. Bg3 g5 31. Kg2 h5 32. h3 Na6 33. Rc1 Nc7 34. Ng6 Rf6 35. Bxd6 1-0

[Event "WLS-ch"]
[Site "Cardiff"]
[Date "1996.??.??"]
[Round "4"]
[White "Cooper, John Grantley"]
[Black "Cummings, David"]
[Result "1/2-1/2"]
[WhiteElo "2390"]
[BlackElo "2350"]
[PlyCount "65"]
[GameId "1166639656710144"]
[EventDate "1996.??.??"]
[EventType "swiss"]
[EventRounds "6"]
[EventCountry "WLS"]
[SourceTitle "EXT 2000"]
[Source "ChessBase"]
[SourceDate "1999.11.18"]
[SourceVersion "1"]
[SourceVersionDate "1999.11.18"]
[SourceQuality "1"]

1. d4 d5 2. c4 c6 3. Nf3 Nf6 4. Nc3 a6 5. e3 b5 6. cxd5 cxd5 7. Be2 Bg4 8. O-O e6 9. h3 Bxf3 10. Bxf3 b4 11. Na4 Nbd7 12. Bd2 Bd6 13. Rc1 O-O 14. Rc6 Nb8 15. Rc2 Ne4 16. Bxe4 dxe4 17. f3 exf3 18. Qxf3 Ra7 19. Rfc1 a5 20. Be1 Nd7 21. Qc6 Bb8 22. Qb5 Nf6 23. Rc6 Rc7 24. Bh4 Qd6 25. Bxf6 Rxc6 26. Qxc6 Qh2+ 27. Kf1 gxf6 28. Nb6 Rd8 29. Ke2 f5 30. Qf3 Kg7 31. Rc6 h6 32. Nc4 Qg1 33. Qf1 1/2-1/2

[Event "WLS-ch"]
[Site "Cardiff"]
[Date "1996.??.??"]
[Round "6"]
[White "Rayner, Francis"]
[Black "Cummings, David"]
[Result "0-1"]
[WhiteElo "2150"]
[BlackElo "2350"]
[PlyCount "88"]
[GameId "1166639656837120"]
[EventDate "1996.??.??"]
[EventType "swiss"]
[EventRounds "6"]
[EventCountry "WLS"]
[SourceTitle "EXT 2000"]
[Source "ChessBase"]
[SourceDate "1999.11.18"]
[SourceVersion "1"]
[SourceVersionDate "1999.11.18"]
[SourceQuality "1"]

1. e4 c5 2. Nf3 e6 3. d4 cxd4 4. Nxd4 Nc6 5. Nb5 d6 6. c4 Nf6 7. N1c3 a6 8. Na3 b6 9. Be2 Bb7 10. O-O Nb8 11. f3 Nbd7 12. Be3 Be7 13. Qd2 O-O 14. Nc2 Rc8 15. Rac1 Re8 16. Rfd1 Qc7 17. Bf2 Qb8 18. Bf1 h6 19. Qe1 Bf8 20. Qd2 Be7 21. Nd4 Kh8 22. b3 Rg8 23. g3 g5 24. Bg2 Rg6 25. Qe2 Ne5 26. Kh1 Rcg8 27. Na4 Bd8 28. Rd2 Qa8 29. Nc3 h5 30. Rcd1 Bc7 31. Qe3 Qf8 32. Bg1 Qg7 33. Qe2 Qh7 34. Qf1 h4 35. g4 h3 36. Bxh3 Rh6 37. Bg2 Ng6 38. Nde2 d5 39. h3 Nh4 40. Bd4 e5 41. Ng1 dxe4 42. Bxe5 Bxe5 43. Nd5 exf3 44. Bxf3 Ne4 0-1

[Event "Olympiad-32"]
[Site "Yerevan"]
[Date "1996.09.18"]
[Round "3.1"]
[White "Cummings, David"]
[Black "Moussa, Othman"]
[Result "1/2-1/2"]
[WhiteElo "2360"]
[BlackElo "2310"]
[PlyCount "102"]
[GameId "1166639838736384"]
[EventDate "1996.09.15"]
[EventType "team-swiss"]
[EventRounds "14"]
[EventCountry "ARM"]
[SourceTitle "CBM 055"]
[Source "ChessBase"]
[SourceDate "1996.12.01"]
[SourceVersion "1"]
[SourceVersionDate "1996.12.01"]
[SourceQuality "1"]
[WhiteTeam "Wales"]
[BlackTeam "United Arab Emirates"]
[WhiteTeamCountry "WLS"]
[BlackTeamCountry "UAE"]

1. d4 Nf6 2. c4 c5 3. d5 b5 4. cxb5 a6 5. bxa6 g6 6. Nc3 Bxa6 7. e4 Bxf1 8. Kxf1 d6 9. g3 Bg7 10. Kg2 O-O 11. Nf3 Nbd7 12. h3 Ra6 13. Re1 Qa8 14. Bg5 Rb8 15. Rb1 h6 16. Bd2 Ne8 17. Re2 Nc7 18. Qc1 Kh7 19. b3 Ra3 20. Qc2 Ra7 21. a4 Rab7 22. Nd1 Qa6 23. Re1 c4 24. b4 Nc5 25. Ne3 Nxa4 26. Nxc4 Nc3 27. Bxc3 Qxc4 28. Rbc1 Na6 29. b5 Rxb5 30. Bxg7 Qxc2 31. Rxc2 Kxg7 32. Nd4 Rb2 33. Rxb2 Rxb2 34. Nc6 Rb7 35. f4 Nb8 36. Nd4 Rb2+ 37. Kf3 Nd7 38. Nc6 Rb3+ 39. Re3 Rxe3+ 40. Kxe3 e5 41. dxe6 fxe6 42. e5 dxe5 43. Nxe5 Nf6 44. Nf3 Nd5+ 45. Kd4 Kf6 46. Ne5 h5 47. Nf3 Ne7 48. Kc4 Nf5 49. g4 hxg4 50. hxg4 Nd6+ 51. Kd4 Nf7 1/2-1/2

[Event "Olympiad-32"]
[Site "Yerevan"]
[Date "1996.09.19"]
[Round "4.1"]
[White "Nikolaidis, Ioannis"]
[Black "Cummings, David"]
[Result "1/2-1/2"]
[WhiteElo "2585"]
[BlackElo "2360"]
[PlyCount "68"]
[GameId "1166639839174656"]
[EventDate "1996.09.15"]
[EventType "team-swiss"]
[EventRounds "14"]
[EventCountry "ARM"]
[SourceTitle "CBM 055"]
[Source "ChessBase"]
[SourceDate "1996.12.01"]
[SourceVersion "1"]
[SourceVersionDate "1996.12.01"]
[SourceQuality "1"]
[WhiteTeam "Greece"]
[BlackTeam "Wales"]
[WhiteTeamCountry "GRE"]
[BlackTeamCountry "WLS"]

1. Nf3 Nf6 2. d4 d5 3. c4 c6 4. Nc3 a6 5. Ne5 b5 6. cxb5 cxb5 7. Bf4 e6 8. e3 Be7 9. Bd3 Bb7 10. O-O O-O 11. a4 b4 12. Na2 Nc6 13. Nxc6 Bxc6 14. Nc1 Qe8 15. Bc2 a5 16. Nd3 Nd7 17. Qh5 f5 18. Qf3 Nb6 19. b3 Nc4 20. Qe2 Nd6 21. f3 Nf7 22. Rfc1 Bf6 23. Ne5 Bxe5 24. dxe5 Qd7 25. Qd2 Rfc8 26. Qd4 Qa7 27. Bd3 g5 28. Bg3 Qxd4 29. exd4 Be8 30. f4 Kf8 31. Kf2 h6 32. Ke3 Nh8 33. Bf2 Ng6 34. g3 g4 1/2-1/2

[Event "Olympiad-32"]
[Site "Yerevan"]
[Date "1996.09.20"]
[Round "5.1"]
[White "Cummings, David"]
[Black "Rogers, Ian"]
[Result "1/2-1/2"]
[WhiteElo "2360"]
[BlackElo "2575"]
[PlyCount "82"]
[GameId "1165542723203072"]
[EventDate "1996.09.15"]
[EventType "team-swiss"]
[EventRounds "14"]
[EventCountry "ARM"]
[SourceTitle "CBM 055"]
[Source "ChessBase"]
[SourceDate "1996.12.01"]
[SourceVersion "1"]
[SourceVersionDate "1996.12.01"]
[SourceQuality "1"]
[WhiteTeam "Wales"]
[BlackTeam "Australia"]
[WhiteTeamCountry "WLS"]
[BlackTeamCountry "AUS"]

1. d4 Nf6 2. c4 e6 3. Nf3 c5 4. d5 b5 5. Bg5 Qa5+ 6. Bd2 Qb6 7. Nc3 b4 8. Na4 Qc7 9. Qc2 d6 10. dxe6 fxe6 11. g3 Nc6 12. Bg2 Be7 13. O-O O-O 14. Bg5 Bb7 15. Rad1 Kh8 16. b3 Rad8 17. h3 Nb8 18. Bxf6 Bxf6 19. Nd2 Nc6 20. e3 Be7 21. Ne4 Ne5 22. f4 Nf7 23. Rf2 Bc6 24. Rfd2 Rc8 25. Nf2 Bxg2 26. Kxg2 Qc6+ 27. Qe4 Kg8 28. Qxc6 Rxc6 29. Ne4 Ra6 30. g4 Rc8 31. Rc2 Rcc6 32. Kg3 Ra5 33. g5 g6 34. h4 h5 35. Kf3 Kg7 36. Ng3 Rc8 37. Ke2 Ra6 38. Ne4 Nd8 39. Kf3 Nb7 40. Ng3 Na5 41. Nb2 Nc6 1/2-1/2

[Event "Olympiad-32"]
[Site "Yerevan"]
[Date "1996.09.23"]
[Round "7.1"]
[White "Cummings, David"]
[Black "Montalvo Rosario, Alejandro"]
[Result "1/2-1/2"]
[WhiteElo "2360"]
[BlackElo "2250"]
[PlyCount "87"]
[GameId "1166639841992704"]
[EventDate "1996.09.15"]
[EventType "team-swiss"]
[EventRounds "14"]
[EventCountry "ARM"]
[SourceTitle "CBM 055"]
[Source "ChessBase"]
[SourceDate "1996.12.01"]
[SourceVersion "1"]
[SourceVersionDate "1996.12.01"]
[SourceQuality "1"]
[WhiteTeam "Wales"]
[BlackTeam "Puerto Rico"]
[WhiteTeamCountry "WLS"]
[BlackTeamCountry "PUR"]

1. d4 Nf6 2. c4 e6 3. Nf3 Bb4+ 4. Bd2 Qe7 5. g3 O-O 6. Bg2 d5 7. O-O Nbd7 8. Qc2 c6 9. Bxb4 Qxb4 10. Nbd2 b6 11. a3 Qe7 12. b4 e5 13. dxe5 Nxe5 14. cxd5 cxd5 15. Nd4 Bd7 16. Rac1 Rac8 17. Qa2 Rxc1 18. Rxc1 Neg4 19. Qb3 Qd6 20. h3 Ne5 21. Qc2 Ne8 22. N4f3 Nxf3+ 23. Nxf3 Qh6 24. Qd2 Qxd2 25. Nxd2 Be6 26. e3 Nd6 27. a4 Rc8 28. Rxc8+ Nxc8 29. Nb1 Kf8 30. Nc3 Ne7 31. Kf1 Ke8 32. Ke2 Kd7 33. g4 a5 34. bxa5 bxa5 35. Kd3 Kd6 36. Nb5+ Kc5 37. Kc3 Bd7 38. Bf1 Nc8 39. Bd3 h6 40. Kb3 Bxb5 41. Bxb5 Nd6 42. Bd3 Ne4 43. Bxe4 dxe4 44. h4 1/2-1/2

[Event "Olympiad-32"]
[Site "Yerevan"]
[Date "1996.09.27"]
[Round "11.1"]
[White "Denny, Kevin"]
[Black "Cummings, David"]
[Result "0-1"]
[WhiteElo "2240"]
[BlackElo "2360"]
[PlyCount "136"]
[GameId "1166639844864000"]
[EventDate "1996.09.15"]
[EventType "team-swiss"]
[EventRounds "14"]
[EventCountry "ARM"]
[SourceTitle "CBM 055"]
[Source "ChessBase"]
[SourceDate "1996.12.01"]
[SourceVersion "1"]
[SourceVersionDate "1996.12.01"]
[SourceQuality "1"]
[WhiteTeam "Barbados"]
[BlackTeam "Wales"]
[WhiteTeamCountry "BAR"]
[BlackTeamCountry "WLS"]

1. e4 c5 2. Nf3 d6 3. Bb5+ Nd7 4. d4 cxd4 5. Qxd4 Ngf6 6. Bg5 a6 7. Bxd7+ Nxd7 8. Nc3 f6 9. Be3 e6 10. O-O-O Be7 11. Qc4 Ne5 12. Nxe5 fxe5 13. Rd3 b5 14. Qb3 Qc7 15. Rhd1 Rb8 16. f4 O-O 17. f5 Qc4 18. fxe6 Bxe6 19. Nd5 Bxd5 20. Rxd5 Rbc8 21. Kd2 h6 22. Qxc4 Rxc4 23. Kd3 Rfc8 24. c3 Kf7 25. Rc1 Ke6 26. b3 R4c6 27. c4 Bg5 28. Bxg5 hxg5 29. h3 R8c7 30. Rc2 Kd7 31. Rd2 bxc4+ 32. bxc4 Ke6 33. Rc2 Rb7 34. c5 Rb5 35. Rxd6+ Rxd6+ 36. cxd6 Kxd6 37. Ke3 Rc5 38. Rd2+ Ke6 39. g3 Ra5 40. Kf3 Ra3+ 41. Kf2 a5 42. Rd8 g4 43. hxg4 Rxa2+ 44. Kf3 Ra3+ 45. Kf2 a4 46. Ra8 Kf6 47. Ra5 Ra1 48. Kf3 a3 49. g5+ Ke6 50. Ra6+ Kd7 51. Kg4 a2 52. g6 Kc7 53. Kg5 Kb7 54. Ra4 Kb6 55. Kg4 Kb5 56. Ra8 Kc4 57. Kg5 Kd4 58. Ra4+ Kd3 59. Kg4 Kc2 60. Ra8 Kb3 61. Rb8+ Kc3 62. Ra8 Kd3 63. Ra4 Ke3 64. Kg5 Kf3 65. Kf5 Kxg3 66. Kxe5 Kg4 67. Ke6 Kg5 68. e5 Kxg6 0-1

[Event "Olympiad-32"]
[Site "Yerevan"]
[Date "1996.09.28"]
[Round "12.1"]
[White "Cummings, David"]
[Black "El Taher, Fouad"]
[Result "0-1"]
[WhiteElo "2360"]
[BlackElo "2445"]
[PlyCount "96"]
[GameId "1166639845928960"]
[EventDate "1996.09.15"]
[EventType "team-swiss"]
[EventRounds "14"]
[EventCountry "ARM"]
[SourceTitle "CBM 055"]
[Source "ChessBase"]
[SourceDate "1996.12.01"]
[SourceVersion "1"]
[SourceVersionDate "1996.12.01"]
[SourceQuality "1"]
[WhiteTeam "Wales"]
[BlackTeam "Egypt"]
[WhiteTeamCountry "WLS"]
[BlackTeamCountry "EGY"]

1. d4 Nf6 2. c4 g6 3. Nc3 Bg7 4. e4 d6 5. Nf3 O-O 6. Be2 c5 7. O-O cxd4 8. Nxd4 Nc6 9. Be3 Bd7 10. Qd2 Nxd4 11. Bxd4 Bc6 12. f3 Nd7 13. Be3 a5 14. Rfd1 Nc5 15. Rac1 a4 16. Rc2 Re8 17. Nd5 b6 18. Bf1 Rb8 19. Qf2 Rb7 20. Nb4 Bd7 21. Bd4 Bxd4 22. Qxd4 Ne6 23. Qf2 b5 24. cxb5 Bxb5 25. Bxb5 Rxb5 26. Nd5 Qa5 27. h3 Kg7 28. Rdc1 Nc5 29. Qd4+ f6 30. h4 Rb7 31. h5 Reb8 32. hxg6 hxg6 33. Nf4 Rb4 34. Qd5 Qa7 35. Rxc5 dxc5 36. Ne6+ Kh7 37. Kf2 Rxb2+ 38. Kg3 Rb1 39. Nf8+ Kg7 40. Ne6+ Kh6 41. Rxc5 R8b2 42. Nf4 e5 43. Nd3 Rd2 44. Qe6 Rxd3 45. Rc8 Rxf3+ 46. Kxf3 Rf1+ 47. Kg4 f5+ 48. exf5 Qd4+ 0-1

[Event "Olympiad-32"]
[Site "Yerevan"]
[Date "1996.09.30"]
[Round "13.1"]
[White "Cummings, David"]
[Black "Kasetchol, Sathit"]
[Result "1-0"]
[WhiteElo "2360"]
[BlackElo "2080"]
[PlyCount "83"]
[GameId "1166639847219200"]
[EventDate "1996.09.15"]
[EventType "team-swiss"]
[EventRounds "14"]
[EventCountry "ARM"]
[SourceTitle "CBM 055"]
[Source "ChessBase"]
[SourceDate "1996.12.01"]
[SourceVersion "1"]
[SourceVersionDate "1996.12.01"]
[SourceQuality "1"]
[WhiteTeam "Wales"]
[BlackTeam "Thailand"]
[WhiteTeamCountry "WLS"]
[BlackTeamCountry "THA"]

1. d4 Nf6 2. c4 c5 3. d5 e6 4. Nc3 exd5 5. cxd5 d6 6. e4 g6 7. Nf3 Bg7 8. h3 O-O 9. Bd3 Re8 10. O-O a6 11. a4 Nbd7 12. Bg5 Qc7 13. Qd2 c4 14. Bc2 Nc5 15. Rfe1 Nfd7 16. Be3 Nb3 17. Bxb3 cxb3 18. Bd4 Ne5 19. Bxe5 Bxe5 20. Nxe5 Rxe5 21. f4 Re8 22. Kh1 Bd7 23. Ra3 Qc4 24. a5 Rac8 25. Qd1 f5 26. e5 Rc5 27. e6 Bb5 28. Qd2 Qb4 29. Rd1 Rec8 30. Nxb5 Qxb5 31. Kh2 Rc2 32. Qd3 Rxb2 33. Qxb5 axb5 34. Rd3 Rcc2 35. Rg3 b4 36. Ra4 Rb1 37. Rxb4 Rd2 38. Rgxb3 Re1 39. Rxb7 Ree2 40. Rg3 Ra2 41. Rd7 Rxa5 42. Rb3 1-0

[Event "WLS-ch"]
[Site "Cardiff"]
[Date "1997.??.??"]
[Round "1"]
[White "Cummings, David"]
[Black "Summers, Charles B"]
[Result "1-0"]
[WhiteElo "2375"]
[BlackElo "2055"]
[PlyCount "127"]
[GameId "1166640375988224"]
[EventDate "1997.??.??"]
[EventType "swiss"]
[EventRounds "6"]
[EventCountry "WLS"]
[SourceTitle "EXT 2000"]
[Source "ChessBase"]
[SourceDate "1999.11.18"]
[SourceVersion "1"]
[SourceVersionDate "1999.11.18"]
[SourceQuality "1"]

1. Nf3 c5 2. c4 Nc6 3. Nc3 g6 4. e3 Bg7 5. d4 cxd4 6. exd4 d6 7. d5 Ne5 8. Nxe5 Bxe5 9. Be2 Bg7 10. O-O Nf6 11. Be3 O-O 12. Bd4 Bd7 13. Re1 b6 14. Qd2 Qc7 15. Rac1 Rae8 16. b4 e5 17. dxe6 fxe6 18. Be3 Bc6 19. a4 Qb7 20. f3 Rd8 21. Bg5 Qf7 22. Bd3 Rd7 23. Qe2 Re8 24. b5 Bb7 25. Ne4 Nh5 26. Ng3 Nf4 27. Bxf4 Qxf4 28. Be4 Bxe4 29. Qxe4 Qxe4 30. Rxe4 Bb2 31. Rd1 Ba3 32. Kf1 Kf7 33. Red4 Bc5 34. R4d3 Red8 35. Ne4 h6 36. a5 Bb4 37. axb6 axb6 38. Rb3 Bc5 39. Rbd3 Bb4 40. Rb1 Bc5 41. Ra1 Bb4 42. Nf2 Rc8 43. Ng4 Rdc7 44. Ne3 Bc5 45. Nc2 Rd7 46. Nd4 Bxd4 47. Rxd4 e5 48. Rh4 Kg7 49. Ra6 d5 50. Rxb6 Rxc4 51. Rxc4 dxc4 52. Rc6 Rd1+ 53. Ke2 Rb1 54. b6 Rb3 55. Kd2 h5 56. Rc7+ Kf6 57. b7 Kf5 58. Kc2 Kg5 59. Rf7 Kh4 60. Re7 Kg5 61. Rf7 Kh4 62. Rc7 Kg5 63. h4+ Kf5 64. g3 1-0

[Event "WLS-ch"]
[Site "Cardiff"]
[Date "1997.??.??"]
[Round "2"]
[White "Richmond, Jane"]
[Black "Cummings, David"]
[Result "0-1"]
[WhiteElo "2180"]
[BlackElo "2375"]
[PlyCount "66"]
[GameId "1166640376057856"]
[EventDate "1997.??.??"]
[EventType "swiss"]
[EventRounds "6"]
[EventCountry "WLS"]
[SourceTitle "EXT 2000"]
[Source "ChessBase"]
[SourceDate "1999.11.18"]
[SourceVersion "1"]
[SourceVersionDate "1999.11.18"]
[SourceQuality "1"]

1. e4 c5 2. Nf3 e6 3. c3 Nf6 4. e5 Nd5 5. d4 cxd4 6. cxd4 b6 7. Nc3 Nxc3 8. bxc3 Qc7 9. Bd2 Bb7 10. Bd3 d6 11. O-O Nd7 12. exd6 Bxd6 13. Qe2 O-O 14. Rae1 Rac8 15. Bc2 Bf4 16. Bxf4 Qxf4 17. Qd3 g6 18. Re3 Rfd8 19. Rfe1 Nf6 20. Ne5 Nh5 21. Qf1 Qg5 22. g3 Qe7 23. Bb3 Ng7 24. Qd3 Rc7 25. f4 Qd6 26. g4 Bd5 27. f5 exf5 28. c4 Be4 29. Rxe4 fxe4 30. Rxe4 Ne6 31. c5 Nxc5 32. Nxf7 Rxf7 33. Bxf7+ Kg7 0-1